| 000 -LEADER |
| fixed length control field |
02689cam a22004098i 4500 |
| 001 - CONTROL NUMBER |
| control field |
18016100 |
| 003 - CONTROL NUMBER IDENTIFIER |
| control field |
OSt |
| 005 - DATE AND TIME OF LATEST TRANSACTION |
| control field |
20180116192424.0 |
| 008 - FIXED-LENGTH DATA ELEMENTS--GENERAL INFORMATION |
| fixed length control field |
140123s2014 nju b 001 0 eng |
| 010 ## - LIBRARY OF CONGRESS CONTROL NUMBER |
| LC control number |
2014002687 |
| 020 ## - INTERNATIONAL STANDARD BOOK NUMBER |
| International Standard Book Number |
9781118453636 (hardback) |
| 040 ## - CATALOGING SOURCE |
| Original cataloging agency |
DLC |
| Language of cataloging |
eng |
| Description conventions |
rda |
| Transcribing agency |
DLC |
| 042 ## - AUTHENTICATION CODE |
| Authentication code |
pcc |
| 050 00 - LIBRARY OF CONGRESS CALL NUMBER |
| Classification number |
NA9053.H76 |
| Item number |
B76 2014 |
| 082 00 - DEWEY DECIMAL CLASSIFICATION NUMBER |
| Classification number |
711.4 |
| Edition number |
23 |
| 084 ## - OTHER CLASSIFICATION NUMBER |
| Classification number |
ARC010000 |
| Number source |
bisacsh |
| 100 1# - MAIN ENTRY--PERSONAL NAME |
| Personal name |
Brown, Lance Jay, |
| Dates associated with a name |
1943- |
| 9 (RLIN) |
7817 |
| 245 10 - TITLE STATEMENT |
| Title |
Urban design for an urban century : |
| Remainder of title |
shaping more livable, equitable, and resilient cities / |
| Statement of responsibility, etc. |
Lance Jay Brown, FAIA; David Dixon, FAIA; Oliver Gillham, AIA. |
| 250 ## - EDITION STATEMENT |
| Edition statement |
Second edition. |
| 260 ## - PUBLICATION, DISTRIBUTION, ETC. |
| Place of publication, distribution, etc. |
London: |
| Name of publisher, distributor, etc. |
Wiley, |
| Date of publication, distribution, etc. |
2013. |
| 263 ## - PROJECTED PUBLICATION DATE |
| Projected publication date |
1404 |
| 300 ## - PHYSICAL DESCRIPTION |
| Extent |
pages cm |
| 504 ## - BIBLIOGRAPHY, ETC. NOTE |
| Bibliography, etc. note |
Includes bibliographical references and index. |
| 505 0# - FORMATTED CONTENTS NOTE |
| Formatted contents note |
Roots of Western Urban Form : Centralization -- Decentralization : The Rise and Decline of Industrial Cities -- Recentralization : The Forces Shaping 21st-Century Urbanism -- Recentralization : 21st-century Urbanism Takes Shape. |
| 520 ## - SUMMARY, ETC. |
| Summary, etc. |
"This book offers a comprehensive introduction to urban design, from a historical overview and basic principles to practical design concepts and strategies. It discusses the demographic, environmental, economic, and social issues that influence the decision-making and implementation processes of urban design. The Second Edition has been fully revised to include thorough coverage of sustainability issues and to integrate new case studies into the core concepts discussed. Ancillary materials, including PowerPoint slides, sample questions and projects, and bonus case studies, help to enrich understanding of this topic"-- |
| 520 ## - SUMMARY, ETC. |
| Summary, etc. |
"The Second Edition has been fully revised to include thorough coverage of sustainability issues and to integrate new case studies into the core concepts discussed. Ancillary materials, including PowerPoint slides, sample questions and projects, and bonus case studies, help to enrich understanding of this topic"-- |
| 650 #0 - SUBJECT ADDED ENTRY--TOPICAL TERM |
| Topical term or geographic name entry element |
City planning |
| General subdivision |
Social aspects. |
| 9 (RLIN) |
7818 |
| 650 #0 - SUBJECT ADDED ENTRY--TOPICAL TERM |
| Topical term or geographic name entry element |
Architecture |
| General subdivision |
Human factors. |
| 9 (RLIN) |
7819 |
| 650 #7 - SUBJECT ADDED ENTRY--TOPICAL TERM |
| Topical term or geographic name entry element |
ARCHITECTURE / Urban & Land Use Planning. |
| Source of heading or term |
bisacsh |
| 9 (RLIN) |
7820 |
| 700 1# - ADDED ENTRY--PERSONAL NAME |
| Personal name |
Dixon, David, |
| Dates associated with a name |
1947 July 17- |
| 9 (RLIN) |
7821 |
| 700 1# - ADDED ENTRY--PERSONAL NAME |
| Personal name |
Gillham, Oliver. |
| 9 (RLIN) |
7822 |
| 776 08 - ADDITIONAL PHYSICAL FORM ENTRY |
| Relationship information |
Online version: |
| Main entry heading |
Brown, Lance Jay, 1943- |
| Title |
Urban design for an urban century |
| Edition |
Second edition. |
| Place, publisher, and date of publication |
Hoboken : Wiley, 2014 |
| International Standard Book Number |
9781118845813 |
| Record control number |
(DLC) 2014004809 |
| 856 42 - ELECTRONIC LOCATION AND ACCESS |
| Materials specified |
Cover image |
| Uniform Resource Identifier |
<a href="http://catalogimages.wiley.com/images/db/jimages/9781118453636.jpg">http://catalogimages.wiley.com/images/db/jimages/9781118453636.jpg</a> |
| 906 ## - LOCAL DATA ELEMENT F, LDF (RLIN) |
| a |
7 |
| b |
cbc |
| c |
orignew |
| d |
1 |
| e |
ecip |
| f |
20 |
| g |
y-gencatlg |
| 942 ## - ADDED ENTRY ELEMENTS (KOHA) |
| Source of classification or shelving scheme |
|
| Koha item type |
Book |